|
|
|
|
| LEADER |
00000nam a2200000Ia 4500 |
| 008 |
150803b1999 S ||||| |||| 00| | spa d |
| 020 |
|
|
|a 8428109591
|
| 090 |
|
|
|a 06.05.03
|b 434
|
| 245 |
1 |
0 |
|a Prácticas fundamentales de tecnología educativa /
|c Julio Cabrero Almenara, Francisco Martínez Sánchez, Jesús Salinas Ibáñez, coordinadores
|
| 260 |
|
|
|a Barcelona :
|b oikos-tau,
|c 1999
|
| 300 |
|
|
|a 421 páginas
|
| 650 |
|
0 |
|a TECNOLOGÍA EDUCATIVA
|9 483
|
| 650 |
|
0 |
|a MODELOS
|9 676
|
| 650 |
|
0 |
|a MEDIOS DE ENSEÑANZA
|9 29
|
| 650 |
|
0 |
|a MEDIOS DE COMUNICACIÓN
|9 388
|
| 650 |
|
0 |
|a REDES
|9 351
|
| 700 |
1 |
|
|a Cabrero Almenara, Julio
|9 677
|
| 700 |
1 |
|
|a Martínez Sánchez, Francisco
|9 678
|
| 700 |
|
|
|a Salinas Ibáñez, Jesús
|9 679
|
| 942 |
|
|
|i 001032 ,00748
|h 06.05.03 434
|2 z
|c 01
|
| 999 |
|
|
|c 173
|d 173
|